Countries with astronauts - Statistics

General Stats
  • This quiz has been taken 101 times
    39 since last reset
  • The average score is 29 of 42
Answer Stats
# Country % Correct
15 Canada
100%
25 Russia
100%
18 Mexico
97%
34 China
94%
12 France
94%
24 Germany
94%
27 Italy
94%
30 Spain
94%
22 United Kingdom
94%
35 Brazil
91%
2 United States
91%
14 India
88%
4 Poland
88%
21 Japan
84%
26 Belgium
81%
17 Netherlands
78%
37 Sweden
75%
16 Saudi Arabia
72%
39 South Korea
72%
1 Soviet Union
72%
23 Austria
69%
6 Bulgaria
69%
11 Romania
69%
41 Kazakhstan
66%
32 South Africa
66%
29 Ukraine
66%
40 Denmark
63%
36 Iran
63%
33 Israel
59%
28 Switzerland
59%
42 United Arab Emirates
59%
9 Cuba
50%
3 Czechoslovakia
50%
7 Hungary
50%
31 Slovakia
50%
8 Vietnam
47%
10 Mongolia
41%
5 East Germany
34%
20 Afghanistan
31%
38 Malaysia
31%
13 West Germany
25%
19 Syria
19%
No matching quizzes found
Score Distribution
Percent of People with Each Score
Percentile by Number Answered
Your Score History
You have not taken this quiz since the last reset